000 00907nam a22002777a 4500
001 BR6001181
003 BR-BrBNA
005 20230928083051.0
007 ta
008 230509b bl.||||| |||| 00| 0 por d
040 _aBR-BrBNA
_bpor
_cBiblioteca Nacional de Agricultura
041 _a(Por)
072 _aL10
_b5130
_b/G514
090 _ 5130 BR6001181
100 1 _aChieffi, A.
110 1 _aSecretaria da Agricultura, Industria e Comercio do Estado de Sao Paulo, Sao Paulo (Brasil). Diretoria de Publicidade Agricola
245 1 _aIndustrializacao dos hibridos. Elementos formadores dos muraes nacionais [Brasil]
260 3 _aSao Paulo, SP (Brasil):
_c1942.
300 _a24 p.
500 _aReprint of "boletim de Agricultura" single number 1940
650 _aMelhoramento genetico animal
650 _aMula
650 _aHibrido
909 _a202309
_bLucia
_c55
_dLucia Elande
942 _cBK
999 _c11383
_d11383